LEADER 00936cam0 22002773 450 001 SON0006011 005 20210402100139.0 010 $a8873050786 100 $a20010312d1982 |||||ita|0103 ba 101 $aita 102 $aIT 200 1 $a<>libro dell'arte$fCennino Cennini$gCommentato e annotato da Franco Brunello$gCon una introd. di Licisco Magagnato 210 $aVicenza$cNeri Pozza$d1982 215 $aXXX,240 p.$d20 cm 225 2 $aArti e tecniche$v2 410 1$1001LAEC00017778$12001 $a*Arti e tecniche$v2 700 1$aCennini$b, Cennino$3AF00010727$4070$036249 801 0$aIT$bUNISOB$c20210402$gRICA 850 $aUNISOB 852 $aUNISOB$j700$m81153 912 $aSON0006011 940 $aM 102 Monografia moderna SBN 941 $aM 957 $a700$b001626$gSI$d81153$rACQUISTO$1pregresso1$2UNISOB$3UNISOB$420120305123713.0$520210402100139.0$6menle 996 $aLibro dell'arte$998101 997 $aUNISOB